Tunnista asia #2 - Statistics

Yleistilastot
  • Tätä visaa on pelattu 165 kertaa
    152 viimeisimmän päivityksen jälkeen
  • Keskiarvotulos 13 / 20
Vastaustilastot
Kuvavisa Vastaus % Oikein
Labyrintti
95%
Neitsyt Maria
85%
turkoosi
85%
Hevisaurus
83%
Cheerleader
82%
Ahvenanmaa
78%
mäyrä
75%
purjo
75%
reisitaskuhousut
75%
tammenlehti
70%
pasta carbonara
67%
Suomenpystykorva
66%
akkupyörösaha
64%
Severus Kalkaros
62%
Sinuhe egyptiläinen
62%
Pikkumetsän aapinen
57%
Äksy-Maija
29%
Leonardo Da Vinci
26%
Finlandia-talo
21%
Lakeuden risti
20%
Ehtoja vastaavia visoja ei löytynyt
Tulosjakauma
Jokaisen tuloksen saaneiden osuus
Persentiili vastausten määrän mukaan
Tuloshistoriasi
Et ole pelannut tätä visaa sen viimeisimmän päivityksen jälkeen